Loading...
| Science - Chemistry | 0 | 2 | 0 | 0 | 20 | 124 | 129.00 | 0 | 0 | 0.10 | 6.77 |
| Social Science | 0 | 2 | 0 | 1 | 20 | 130 | 131.50 | 0 | 0 | -0.19 | 4.41 |
| Philosophy | 0 | 2 | 1 | 0 | 15 | 126 | 134.50 | 0 | 0 | 0.28 | 5.47 |
| Geography | 0 | 2 | 1 | 0 | 15 | 132 | 141.00 | 0 | 0 | 1.43 | 13.17 |
| History - World | 0 | 1 | 0 | 0 | 10 | 133 | 133.00 | 0 | 0 | 0.00 | 0.30 |
| Literature - American | 0 | 1 | 0 | 0 | 10 | 145 | 145.00 | 0 | 0 | 0.33 | 3.25 |
| Literature - European | 0 | 1 | 0 | 0 | 10 | 104 | 104.00 | 0 | 0 | 2.11 | 5.00 |
| Literature - World | 0 | 1 | 0 | 0 | 10 | 129 | 129.00 | 0 | 0 | 0.91 | 3.25 |
| Current Events | 0 | 1 | 0 | 0 | 10 | 105 | 105.00 | 0 | 0 | 2.56 | 9.38 |
| Fine Arts - Painting & Sculpture | 0 | 1 | 0 | 0 | 10 | 145 | 145.00 | 0 | 0 | 0.00 | 1.30 |
| History - American | 0 | 1 | 0 | 0 | 10 | 100 | 100.00 | 0 | 0 | 1.69 | 3.65 |
| History - European | 0 | 1 | 0 | 0 | 10 | 141 | 141.00 | 0 | 1 | -0.04 | 2.98 |
| Religion | 0 | 1 | 0 | 0 | 10 | 118 | 118.00 | 0 | 0 | 0.40 | 2.34 |
| Science - Other | 0 | 1 | 0 | 0 | 10 | 117 | 117.00 | 0 | 0 | 0.67 | 2.86 |
| Science - Biology | 0 | 0 | 0 | 0 | 0 | 0.00 | 0 | 0 | 0.00 | 0.00 | |
| Fine Arts - Other | 0 | 0 | 0 | 0 | 0 | 0.00 | 0 | 0 | 0.00 | 0.00 | |
| Fine Arts - Classical Music | 0 | 0 | 0 | 0 | 0 | 0.00 | 0 | 0 | 0.00 | 0.00 | |
| Science - Physics | 0 | 0 | 0 | 0 | 0 | 0.00 | 0 | 0 | 0.00 | 0.00 | |
| Literature - British | 0 | 0 | 2 | 0 | -10 | 0.00 | 0 | 0 | 0.00 | 0.00 |